|
|
|
|
| LEADER |
01004nam a2200301 4500 |
| 001 |
DLU180188151 |
| 005 |
##20181025 |
| 040 |
# |
# |
|a DLU
|b vie
|
| 041 |
# |
# |
|a vie
|
| 044 |
# |
# |
|a vn
|
| 100 |
# |
# |
|a Nguyễn Tử Siêm.
|
| 245 |
# |
# |
|a Hoàn thiện các chính sách tăng cường liên kết giữa nông dân với doanh nghiệp trong mô hình cánh đồng lớn /
|c Nguyễn Tử Siêm, Nguyễn Thị Thanh Hương, Lê Thị Thu Hương.
|
| 653 |
# |
# |
|a Cánh đồng lớn
|
| 653 |
# |
# |
|a Doanh nghiệp
|
| 653 |
# |
# |
|a Liên kết
|
| 653 |
# |
# |
|a Nông dân
|
| 700 |
# |
# |
|a Lê Thị Thu Hương.
|
| 700 |
# |
# |
|a Nguyễn Thị Thanh Hương.
|
| 773 |
# |
# |
|t Nghiên cứu kinh tế
|g Số 1(464), 2017, tr. 58-66
|
| 920 |
# |
# |
|a Phòng Tạp chí -- Trung tâm Thông tin - Thư viện Trường Đại học Đà Lạt
|
| 994 |
# |
# |
|a DLU
|
| 900 |
# |
# |
|a True
|
| 911 |
# |
# |
|a Nguyễn Thị Thu Phương
|
| 925 |
# |
# |
|a G
|
| 926 |
# |
# |
|a A
|
| 927 |
# |
# |
|a BB
|
| 980 |
# |
# |
|a Thư viện Trường Đại học Đà Lạt
|